• 首页
  • 本馆介绍
  • 公告通知
  • 最新文献
  • 馆藏检索
  • 电子资源
  • 读者导购
  • 参考咨询
  • 我的图书馆
  • 登录
  • 详细信息显示
  • 放入我的书架
  • 预约/预借图书
  • 作者相关作品
  • 分类相关作品
  • 丛书相关作品
  • 出版社相关作品

书目信息

  • 表格格式
  • 工作单格式
  • 卡片格式
题名:
朴槿惠传
    
 
作者: 郑文阳 , 郝火炬 著
分册:  
出版信息: 北京   新世界出版社  2014.1
页数: 12,245页
开本: 24cm
丛书名:
单 册:
中图分类: K833.12
科图分类:
主题词: 总统--zong tong--传记--韩国--现代
电子资源:
ISBN: 978-7-5104-4703-7
000 01066nam0 22002771 450
001 0115101237
005 20170415101237.0
010    @a978-7-5104-4703-7@dCNY39.80
100    @a20140312d2014 em y0chiy50 ea
101 0  @achi
102    @aCN@b110000
105    @aa z 000yb
106    @ar
200 1  @a朴槿惠传@Apu jin hui chuan@dPark Geun-Hye biography@e在绝望中寻找希望@f郑文阳,郝火炬著@zeng
210    @a北京@c新世界出版社@d2014.1
215    @a12,245页@c照片@d24cm
330    @a本书讲述了朴槿惠从青瓦台第一千金到无依无靠的平民孤儿,从落难公主到韩国第一位女总统,她的人生不仅是一部跌宕起伏的奋斗逆袭史,更是一部韩国近代史,记录着韩国的过去、现在和未来。
510 1  @aPark Geun-Hye biography@zeng
517 1  @a在绝望中寻找希望@Azai jue wang zhong xin zhao xi wang
606 0  @a总统@Azong tong@x传记@y韩国@z现代
610 0  @a朴槿惠(1952- )@Apu jin hui (1952- )
690    @aK833.12@v5
701  0 @a郑文阳@Azheng wen yang@4著
701  0 @a郝火炬@Ahao huo ju@f(1978~)@4著
801  0 @aCN@bTANGWEI@c20170308
905    @b0965823-5@dK833.12@e818@f3
    
    朴槿惠传=Park Geun-Hye biography:在绝望中寻找希望/郑文阳,郝火炬著.-北京:新世界出版社,2014.1
    12,245页:照片;24cm
    
    
    ISBN 978-7-5104-4703-7:CNY39.80
    本书讲述了朴槿惠从青瓦台第一千金到无依无靠的平民孤儿,从落难公主到韩国第一位女总统,她的人生不仅是一部跌宕起伏的奋斗逆袭史,更是一部韩国近代史,记录着韩国的过去、现在和未来。
●
相关链接 在E读中查询图书 在五车中查询图书 在当当中查询图书 在豆瓣中查询图书


正题名:朴槿惠传     索取号:K833.12/818         预约/预借

序号 登录号 条形码 馆藏地/架位号 状态 备注
1 0965823   209658235   第二样本阅览室/ [索取号:K833.12/818] 在馆    
2 0965824   209658244   第二借阅区/ [索取号:K833.12/818] 在馆    
3 0965825   209658253   第二借阅区/ [索取号:K833.12/818] 在馆    
唐山师范学院图书馆 欢迎您!
大连网信软件有限公司© 版权所有